| 000 | 00646nam a2200193 4500 | ||
|---|---|---|---|
| 008 | b xx# ara u | ||
| 010 | _a39987 | ||
| 040 | _aLB-BrCRDP | ||
| 082 | _a342.5692/K11s | ||
| 100 | 1 | _a. كباره، نزيه | |
| 130 | 1 | _lAR | |
| 245 | 1 | 0 |
_a. السلطة التنظيمية في لبنان وضوابطها _bدراسة مقارنه _cنزيه كباره |
| 260 |
_aطرابلس _bجروس-برس _c1985 |
||
| 300 |
_a386 ص. ؛ _c22 سم. |
||
| 500 | _aمراجع في آخر الكتاب | ||
| 650 |
_aالسلطة التنفيذية _xلبنان |
||
| 942 | _cBK | ||
| 999 |
_c15908 _d15908 |
||